000
00272nam a2200109Ia 4500
008
190216s9999||||xx |||||||||||||| ||und||
100
_a
William E Thomas
245
0
_a
Readings In Cost Accounting Budgeting And Control
260
_b
Null
_c
1970
300
_a
855p
942
_c
BK
999
_c
3908
_d
3908